Conference League Torschützen 2022/2023 - Statistiken

Allgemein
  • Dieses Quiz wurde 18 mal gespielt
  • Das Durchschnittsergebnis liegt bei 5 aus 15
Antwortstatistiken
Tore Verein Spieler % Korrekt
5 West Ham United Jarrod Bowen
71%
6 West Ham United Michail Antonio
71%
7 AC Florenz Arthur Cabral
59%
6 AC Florenz Luka Jović
53%
7 FC Basel Zeki Amdouni
35%
5 KAA Gent Gift Orban
29%
5 Lech Posen Mikael Ishak
29%
5 FC Basel Andi Zeqiri
24%
5 AZ Alkmaar Vangelis Pavlidis
24%
6 KAA Gent Hugo Cuypers
18%
5 Lech Posen Michał Skóraś
18%
5 AC Florenz Antonín Barák
12%
5 Lech Posen Kristoffer Velde
12%
5 AC Florenz Nicolás González
12%
5 SK Dnipro-1 Artem Dowbyk
0%
Keine übereinstimmenden Quizze gefunden
Verteilung der Resultate
Anzahl Personen mit jedem Resultat
Perzentil nach korrekt beantworteten Fragen
Ihre Resultats-Entwicklung
Sie haben dieses Quiz noch nicht gespielt